[Event "Da Lat VIE, Ch U07 (b)"]
[Site "Da Lat VIE"]
[Date "2013.??.??"]
[Round "5.7"]
[White "Pham Quang Hung"]
[Black "Le, Anh Quang"]
[Result "1-0"]
[WhiteElo "1969"]
[BlackElo "1983"]
[PlyCount "56"]
[EventDate "2013.07.13"]
[EventRounds "9"]
[EventCountry "VIE"]
[SourceTitle "OM OTB B 201907"]
[Source "Opening Master"]
[SourceDate "2019.07.06"]
[SourceVersion "2"]
[SourceVersionDate "2019.07.06"]
[SourceQuality "1"]

1. e4 e5 2. Nf3 Nc6 3. c3 Bc5 4. Bc4 Nf6 5. d3 O-O 6. Bg5 h6 7. Bh4 d6 8. h3
Qe7 9. O-O Be6 10. Qb3 Bxc4 11. Qxc4 a6 12. b4 Ba7 13. a4 Rfd8 14. Na3 a5 15.
b5 Nb8 16. Rfe1 Re8 17. Bxf6 Qxf6 18. Qxc7 Qe7 19. Qxe7 Rxe7 20. Nc4 Bc5 21.
Ne3 Nc6 22. Nd5 Rd7 23. bxc6 bxc6 24. d4 exd4 25. cxd4 Bxd4 26. Nxd4 cxd5 27.
exd5 Rc8 28. Nc6 Rb7 1-0

[Event "Da Lat VIE, Ch U07 (g)"]
[Site "Da Lat VIE"]
[Date "2013.??.??"]
[Round "5.1"]
[White "Pham, Ngoc Que Tran"]
[Black "Nguyen, Giang Thu"]
[Result "1-0"]
[WhiteElo "1969"]
[BlackElo "1997"]
[PlyCount "81"]
[EventDate "2013.07.13"]
[EventRounds "9"]
[EventCountry "VIE"]
[SourceTitle "OM OTB B 201907"]
[Source "Opening Master"]
[SourceDate "2019.07.06"]
[SourceVersion "2"]
[SourceVersionDate "2019.07.06"]
[SourceQuality "1"]

1. e4 e5 2. Nf3 Nc6 3. c3 Nf6 4. d4 d6 5. dxe5 dxe5 6. Qxd8+ Nxd8 7. Bd3 Bd6 8.
O-O h6 9. Be3 O-O 10. a3 Be6 11. h3 a6 12. b4 Nc6 13. c4 b6 14. Nbd2 a5 15. c5
bxc5 16. bxc5 Be7 17. Bb5 Na7 18. a4 Rfb8 19. Ba6 Nd7 20. Rfc1 c6 21. Bd3 Rb4
22. Nh2 Bg5 23. Bxg5 hxg5 24. Nhf3 Nf6 25. Nxe5 Rd8 26. Ndf3 Nxe4 27. Bxe4 Rxe4
28. Re1 Rxe1+ 29. Rxe1 Rb8 30. Nxg5 Bb3 31. Nef3 Bxa4 32. Ra1 Rb4 33. Re1 Kf8
34. Ne5 Rb8 35. Nd7+ Kg8 36. Nxb8 g6 37. Re7 Nb5 38. Nd7 Nd4 39. Rxf7 Bb3 40.
Nf6+ Kh8 41. Rh7# 1-0

[Event "Cerdanyola del Valles op 31st"]
[Site "Cerdanyola del Valles"]
[Date "2013.??.??"]
[Round "5"]
[White "Vazquez Gamero, Miguel"]
[Black "Santiago Abril, Narcis J"]
[Result "1-0"]
[WhiteElo "2078"]
[BlackElo "1872"]
[PlyCount "77"]
[EventDate "2013.10.05"]
[EventType "swiss"]
[EventRounds "8"]
[EventCountry "ESP"]
[SourceTitle "CBM 157 Extra"]
[Source "ChessBase"]
[SourceDate "2013.12.19"]
[SourceVersion "1"]
[SourceVersionDate "2013.12.19"]
[SourceQuality "1"]

1. e4 e5 2. Nf3 Nc6 3. c3 Bc5 4. d4 exd4 5. cxd4 Bb4+ 6. Bd2 Bxd2+ 7. Qxd2 d6
8. Nc3 Nf6 9. Bb5 Bd7 10. O-O O-O 11. e5 Ne8 12. Rfe1 a6 13. Bxc6 bxc6 14. Rad1
Be6 15. b3 Qd7 16. Qf4 f6 17. exd6 cxd6 18. d5 cxd5 19. Nxd5 Bxd5 20. Rxd5 Rf7
21. Red1 Rd8 22. h3 Re7 23. R5d2 Qc6 24. Nd4 Qe4 25. Qxe4 Rxe4 26. f3 Re3 27.
Rc2 d5 28. Rc6 Rd6 29. Rc8 g6 30. Kf2 Re7 31. Rdc1 Kf7 32. Nc6 Rc7 33. Nd8+
Rxd8 34. R1xc7+ Nxc7 35. Rxd8 Ke7 36. Rh8 h5 37. Rh6 g5 38. Rxh5 Nb5 39. f4 1-0

[Event "Hessen-ch U12"]
[Site "Bad Homburg"]
[Date "2013.??.??"]
[Round "5"]
[White "Schmidt, Sarah"]
[Black "Engert, Kiyan"]
[Result "1-0"]
[WhiteElo "1231"]
[BlackElo "945"]
[PlyCount "107"]
[EventDate "2013.03.??"]
[EventType "swiss"]
[EventRounds "9"]
[EventCountry "GER"]
[SourceTitle "EXT 2014"]
[Source "ChessBase"]
[SourceDate "2013.11.20"]
[SourceVersion "1"]
[SourceVersionDate "2013.11.20"]
[SourceQuality "1"]

1. e4 e5 2. Nf3 Nc6 3. c3 Bc5 4. d4 exd4 5. cxd4 Bb4+ 6. Bd2 Bxd2+ 7. Qxd2 d6
8. Bc4 h6 9. Nc3 Bg4 10. Qf4 Be6 11. d5 Nb4 12. dxe6 fxe6 13. O-O Qf6 14. Qxf6
Nxf6 15. Bxe6 Ke7 16. Bd5 Nfxd5 17. Nxd5+ Nxd5 18. exd5 h5 19. Rac1 Kd7 20.
Rfe1 h4 21. h3 Rag8 22. Nd2 g5 23. Ne4 Rg6 24. Kh2 b6 25. g4 hxg3+ 26. fxg3 g4
27. h4 a5 28. a4 Rf8 29. Rf1 Rxf1 30. Rxf1 c6 31. Rf7+ Kc8 32. dxc6 d5 33. Rf6
Rxf6 34. Nxf6 Kc7 35. Nxd5+ Kxc6 36. Nxb6 Kxb6 37. h5 Kc5 38. h6 Kb4 39. h7
Kxa4 40. h8=Q Kb4 41. Qc3+ Kb5 42. b3 a4 43. bxa4+ Kxa4 44. Qb2 Ka5 45. Kg2 Ka4
46. Kf2 Ka5 47. Qb7 Ka4 48. Qb6 Ka3 49. Qb5 Ka2 50. Qb4 Ka1 51. Ke2 Ka2 52. Kd2
Ka1 53. Kc2 Ka2 54. Qb2# 1-0

[Event "Da Lat VIE, Ch U07 (b)"]
[Site "Da Lat VIE"]
[Date "2013.??.??"]
[Round "3.23"]
[White "Le, Khac Hoang Tuan"]
[Black "Truong, Lance"]
[Result "0-1"]
[WhiteElo "1984"]
[BlackElo "1940"]
[PlyCount "68"]
[EventDate "2013.07.13"]
[EventRounds "9"]
[EventCountry "VIE"]
[SourceTitle "OM OTB B 201907"]
[Source "Opening Master"]
[SourceDate "2019.07.06"]
[SourceVersion "2"]
[SourceVersionDate "2019.07.06"]
[SourceQuality "1"]

1. e4 e5 2. Nf3 Nc6 3. c3 Nf6 4. d4 exd4 5. e5 Ng4 6. Bg5 Be7 7. Bxe7 Qxe7 8.
cxd4 O-O 9. Be2 d6 10. exd6 cxd6 11. O-O Re8 12. Bb5 d5 13. Nc3 Nf6 14. Re1 Qd7
15. Ne5 Qd6 16. Qa4 Bd7 17. Nxc6 bxc6 18. Ba6 c5 19. Nb5 Bxb5 20. Bxb5 Rxe1+
21. Rxe1 Ne4 22. f3 Nf6 23. Qa3 Rb8 24. dxc5 Qc7 25. Qe3 Qd8 26. Qd3 Rc8 27. c6
a6 28. Bxa6 Rxc6 29. Qb5 Qc7 30. Bb7 Re6 31. Rd1 Qc2 32. Qb3 Qc5+ 33. Kh1 Qa5
34. Bxd5 Re1+ 0-1

[Event "Hessen-ch U16"]
[Site "Bad Homburg"]
[Date "2013.??.??"]
[Round "3"]
[White "Everett, Elijah"]
[Black "Stuhlmann, Felix"]
[Result "1-0"]
[WhiteElo "1391"]
[BlackElo "1037"]
[PlyCount "71"]
[EventDate "2013.03.??"]
[EventType "swiss"]
[EventRounds "7"]
[EventCountry "GER"]
[SourceTitle "EXT 2014"]
[Source "ChessBase"]
[SourceDate "2013.11.20"]
[SourceVersion "1"]
[SourceVersionDate "2013.11.20"]
[SourceQuality "1"]

1. e4 e5 2. Nf3 Nc6 3. c3 Nf6 4. Qc2 d5 5. Bb5 Bd6 6. exd5 Nxd5 7. O-O O-O 8.
Na3 a6 9. Bxc6 bxc6 10. Nc4 Re8 11. Re1 f6 12. h3 Be6 13. d4 exd4 14. Nxd4 Qd7
15. Nxe6 Rxe6 16. Bd2 Rae8 17. Kf1 Bf4 18. Rxe6 Rxe6 19. Re1 Rxe1+ 20. Kxe1
Qe6+ 21. Kf1 Bh2 22. b3 Nb6 23. Ne3 Bf4 24. Qd3 Qd6 25. Ke2 Qxd3+ 26. Kxd3 Kf7
27. Nc4 Bxd2 28. Nxd2 Ke6 29. Kd4 Nd7 30. Ne4 f5 31. Nc5+ Nxc5 32. Kxc5 Kd7 33.
f4 h6 34. h4 h5 35. g3 a5 36. a4 1-0

[Event "Da Lat VIE, Ch U07 (g)"]
[Site "Da Lat VIE"]
[Date "2013.??.??"]
[Round "2.8"]
[White "Pham, Ngoc Que Tran"]
[Black "Nguyen, Anthony"]
[Result "1-0"]
[WhiteElo "1969"]
[BlackElo "1992"]
[PlyCount "59"]
[EventDate "2013.07.13"]
[EventRounds "9"]
[EventCountry "VIE"]
[SourceTitle "OM OTB B 201907"]
[Source "Opening Master"]
[SourceDate "2019.07.06"]
[SourceVersion "2"]
[SourceVersionDate "2019.07.06"]
[SourceQuality "1"]

1. e4 e5 2. Nf3 Nc6 3. c3 g6 4. d4 exd4 5. cxd4 d6 6. Bd2 Bg7 7. Bc3 Nge7 8.
Bc4 O-O 9. O-O h6 10. Nbd2 Kh7 11. h3 a6 12. a4 f5 13. exf5 Bxf5 14. Re1 d5 15.
Bb3 Bd7 16. Bc2 b6 17. Qb1 Qc8 18. Nh4 Be8 19. b4 Qb7 20. Ndf3 Rb8 21. b5 Nc8
22. bxc6 Qxc6 23. Bb2 b5 24. Rc1 Qd7 25. Bxg6+ Bxg6 26. Nxg6 Qf5 27. Nxf8+ Kg8
28. Qxf5 Bxf8 29. Rxc7 Nd6 30. Qh7# 1-0

[Event "Makroregion KP-PO C-13"]
[Site "?"]
[Date "2013.??.??"]
[Round "?"]
[White "Szymanowski, Igor"]
[Black "Blocinski, Maciej"]
[Result "1-0"]
[WhiteElo "1674"]
[BlackElo "1623"]
[PlyCount "97"]
[EventDate "2013.??.??"]
[SourceTitle "OM OTB B 201907"]
[Source "Opening Master"]
[SourceDate "2019.07.06"]
[SourceVersion "2"]
[SourceVersionDate "2019.07.06"]
[SourceQuality "1"]

1. e4 e5 2. Nf3 Nc6 3. c3 Nf6 4. d4 exd4 5. e5 Ne4 6. Qe2 f5 7. exf6 d5 8. Nxd4
Nxd4 9. cxd4 Bb4+ 10. Bd2 Bxd2+ 11. Nxd2 O-O 12. Nxe4 dxe4 13. Qc4+ Rf7 14.
fxg7 Qf6 15. Qc2 Be6 16. O-O-O Qxf2 17. Qxe4 Bf5 18. Qe2 Bg6 19. Qxf2 Rxf2 20.
Rd2 Rxd2 21. Kxd2 Rd8 22. h4 h5 23. Kc3 Kxg7 24. Be2 Re8 25. Bf3 Re3+ 26. Kc4
c6 27. Kc5 Rd3 28. Rd1 Re3 29. Kd6 Kh6 30. b4 Be4 31. Bxe4 Rxe4 32. b5 cxb5 33.
d5 b4 34. Rd2 a5 35. Kc5 Re7 36. d6 Rd7 37. Kb5 Kg6 38. Kxa5 Kf6 39. Kxb4 Ke6
40. Kc5 Ke5 41. a4 Kf4 42. Rd5 Kg4 43. g3 Kxg3 44. Rxh5 Kg4 45. Re5 Kxh4 46.
Re7 b6+ 47. Kc6 Rd8 48. d7 Kg5 49. Re8 1-0

[Event "corr O2013/Rd.1/Gr.3"]
[Site "www.desc-online.de"]
[Date "2013.??.??"]
[Round "?"]
[White "Hammerschmidt, Volker"]
[Black "Zorr, Steffen"]
[Result "0-1"]
[WhiteElo "1916"]
[BlackElo "2253"]
[PlyCount "146"]
[EventDate "2013.10.01"]
[EventType "tourn (corr)"]
[EventRounds "1"]
[SourceTitle "OM Corr 202003"]
[Source "Opening Master"]
[SourceDate "2019.05.30"]
[SourceVersion "2"]
[SourceVersionDate "2019.05.30"]
[SourceQuality "1"]

1. e4 e5 2. Nf3 Nc6 3. c3 d5 4. Qa4 f6 5. Bb5 Nge7 6. exd5 Qxd5 7. d4 Bd7 8.
O-O exd4 9. cxd4 Ne5 10. Nc3 Nxf3+ 11. gxf3 Qf5 12. d5 a6 13. Bxd7+ Qxd7 14. d6
Qxa4 15. Nxa4 cxd6 16. Nb6 Rd8 17. Rd1 Kf7 18. Kg2 g5 19. Be3 Rg8 20. Rac1 Nc6
21. Rd5 Re8 22. Rcd1 Re5 23. R5d3 Ke6 24. h3 Rg7 25. Nd5 f5 26. Bc1 f4 27. b3
Re2 28. Bd2 Rf7 29. Kf1 Re5 30. Bc3 Ref5 31. R3d2 Rd7 32. Kg2 h5 33. h4 gxh4
34. Kh3 Ne7 35. Nb6 Rd8 36. Re2+ Kf7 37. a4 Ng6 38. Red2 Ke6 39. Re2+ Ne5 40.
Kxh4 d5 41. Kh3 Bc5 42. Nc4 d4 43. Ba5 Rd7 44. Rde1 Bd6 45. Re4 b5 46. axb5
axb5 47. Nxd6 Rxd6 48. Rd1 Rd5 49. Kg2 Kf7 50. Bc7 Nc6 51. Bxf4 Rc5 52. b4 Rc3
53. Rde1 Rc2 54. Ra1 Rd5 55. Ra8 d3 56. Rh8 Re2 57. Rh7+ Kg8 58. Rc7 Ne5 59.
Rc1 Rc2 60. Ra1 Nc6 61. Be3 Kf7 62. Rf4+ Ke6 63. Re4+ Kd7 64. Rd1 Rc4 65. Bd2
Nd4 66. Re3 Nf5 67. Ree1 Rc2 68. Bf4 Nh4+ 69. Kg3 Ng6 70. Bh6 Ne5 71. Bf4 Nc6
72. Bd2 Nd4 73. f4 Nb3 0-1

[Event "Donau op 21st"]
[Site "Aschach"]
[Date "2012.12.30"]
[Round "6"]
[White "Neuman, Petr"]
[Black "Rogulj, Branko"]
[Result "1/2-1/2"]
[WhiteElo "2471"]
[BlackElo "2422"]
[PlyCount "55"]
[EventDate "2012.12.26"]
[EventType "swiss"]
[EventRounds "7"]
[EventCountry "AUT"]
[SourceTitle "CBM 152 Extra"]
[Source "ChessBase"]
[SourceDate "2013.02.25"]
[SourceVersion "1"]
[SourceVersionDate "2013.02.25"]
[SourceQuality "1"]

1. e4 e5 2. Nf3 Nc6 3. c3 Nf6 4. d3 d5 5. Nbd2 a5 6. Be2 Bc5 7. O-O O-O 8. a4
h6 9. Nb3 Bb6 10. Nfd2 Be6 11. exd5 Qxd5 12. Nc4 Rad8 13. Be3 Bxe3 14. fxe3 e4
15. d4 Qg5 16. Qe1 Nd5 17. h4 Qe7 18. Qg3 b6 19. Ncd2 Bc8 20. c4 Nf6 21. Rf4
Nb4 22. Raf1 Kh7 23. Nb1 Nd3 24. Bxd3 exd3 25. Qf3 Rde8 26. e4 Nxe4 27. Qxd3
Kg8 28. N1d2 1/2-1/2

[Event "Moscow Piterenka rapid"]
[Site "Moscow"]
[Date "2012.12.29"]
[Round "4"]
[White "Nepomniachtchi, Ian"]
[Black "Karjakin, Sergey"]
[Result "1/2-1/2"]
[WhiteElo "2707"]
[BlackElo "2775"]
[PlyCount "133"]
[EventDate "2012.12.29"]
[EventType "tourn (rapid)"]
[EventRounds "6"]
[EventCountry "RUS"]
[EventCategory "20"]
[SourceTitle "CBM 152 Extra"]
[Source "ChessBase"]
[SourceDate "2013.02.25"]
[SourceVersion "1"]
[SourceVersionDate "2013.02.25"]
[SourceQuality "1"]

1. e4 e5 2. Nf3 Nc6 3. c3 d5 4. Qa4 f6 5. d3 Be6 6. Nbd2 Qd7 7. Be2 Nge7 8. O-O
Ng6 9. Re1 Bd6 10. d4 Nf4 11. Bf1 O-O 12. exd5 Bxd5 13. Ne4 Qg4 14. Bxf4 Qxf4
15. Bc4 Bxc4 16. Qxc4+ Kh8 17. d5 Na5 18. Qb5 b6 19. b4 a6 20. Qd7 Nc4 21. Qh3
Kg8 22. Rad1 Rae8 23. Rd3 g6 24. Nfd2 Nxd2 25. Rxd2 f5 26. g3 Qf3 27. Ng5 Qh5
28. Qxh5 gxh5 29. Ne6 Rf6 30. a3 b5 31. Nd4 h4 32. Rde2 hxg3 33. hxg3 Kf7 34.
Nc6 e4 35. Nd4 h5 36. Nf3 Rg8 37. Nh4 f4 38. Rxe4 fxg3 39. f3 Rg5 40. Rd1 Re5
41. Rdd4 Rxe4 42. Rxe4 Rf4 43. Kg2 Kf6 44. Re6+ Kg5 45. Ng6 Rc4 46. Ne5 Rxc3
47. Nf7+ Kf5 48. Nxd6+ cxd6 49. Kxg3 Rxa3 50. Rxd6 Ra4 51. Rh6 Kg5 52. d6 Rxb4
53. d7 Rd4 54. Rxa6 Rxd7 55. Rb6 Rd5 56. Rb8 Kf5 57. Rh8 Kg5 58. f4+ Kg6 59.
Kf3 b4 60. Rb8 Rd4 61. Rb5 h4 62. Kg4 Kf6 63. Kxh4 Rxf4+ 64. Kg3 Rc4 65. Kf3
Ke6 66. Ke3 Kd6 67. Kd3 1/2-1/2

[Event "GER-chT U10"]
[Site "Magdeburg"]
[Date "2012.12.28"]
[Round "3.4"]
[White "Patzig, Nathanael"]
[Black "Ruehl, Alexander"]
[Result "0-1"]
[WhiteElo "714"]
[BlackElo "772"]
[PlyCount "96"]
[EventDate "2012.12.27"]
[EventType "team-swiss"]
[EventRounds "7"]
[EventCountry "GER"]
[SourceTitle "EXT 2014"]
[Source "ChessBase"]
[SourceDate "2013.11.20"]
[SourceVersion "1"]
[SourceVersionDate "2013.11.20"]
[SourceQuality "1"]
[WhiteTeam "Magdeburg Elbe"]
[BlackTeam "Landskrone"]
[WhiteTeamCountry "GER"]
[BlackTeamCountry "GER"]

1. e4 e5 2. Nf3 Nc6 3. c3 d5 4. d3 dxe4 5. dxe4 Qxd1+ 6. Kxd1 Nf6 7. Nbd2 Bc5
8. Bb5 Bxf2 9. Ke2 Ng4 10. Rf1 Bc5 11. h3 Ne3 12. Re1 Nc2 13. Nb3 Nxa1 14. Nxa1
Be6 15. b4 Bd6 16. c4 Bxb4 17. Nxe5 Bxe1 18. Kxe1 Bd7 19. Bb2 f6 20. Nd3 a6 21.
Ba4 O-O-O 22. Nc2 f5 23. Nf2 fxe4 24. Nxe4 Bf5 25. Bxg7 Rhg8 26. g4 Bxe4 27.
Bf6 Bxc2 28. Bxd8 Bxa4 29. Bf6 Re8+ 30. Kf2 Rf8 31. g5 h6 32. h4 Nb4 33. a3
Nd3+ 34. Ke3 hxg5 35. hxg5 Nb2 36. Bxb2 Re8+ 37. Kf4 b5 38. cxb5 axb5 39. Kf5
Re2 40. Bf6 Rf2+ 41. Kg6 Bc2+ 42. Kf7 c5 43. Ke7 c4 44. Bd4 Rh2 45. g6 Rh3 46.
Kf7 Rf3+ 47. Kg7 c3 48. a4 bxa4 0-1

[Event "Campeonato de Asturias Juvenil"]
[Site "Oviedo"]
[Date "2012.12.28"]
[Round "3.2"]
[White "Gonzalez Fernandez, Pedro"]
[Black "Alvarez Gonzalez, Alvaro"]
[Result "1-0"]
[WhiteElo "1761"]
[BlackElo "1721"]
[PlyCount "65"]
[EventDate "2012.12.26"]
[EventRounds "5"]
[EventCountry "ESP"]
[SourceTitle "OM OTB B 201907"]
[Source "Opening Master"]
[SourceDate "2019.07.06"]
[SourceVersion "2"]
[SourceVersionDate "2019.07.06"]
[SourceQuality "1"]

1. e4 e5 2. Nf3 Nc6 3. c3 d5 4. Qa4 Qd6 5. Bb5 Bd7 6. exd5 Qxd5 7. O-O a6 8.
Bc4 Qd6 9. Qb3 O-O-O 10. a4 Na5 11. Qa2 Nxc4 12. Qxc4 Be6 13. Qe2 f6 14. d4
exd4 15. Nxd4 Bf7 16. b4 Qe7 17. Be3 Qe4 18. Nd2 Qd5 19. b5 a5 20. N2b3 b6 21.
Rfc1 Nh6 22. c4 Qh5 23. Qxh5 Bxh5 24. c5 Kb7 25. cxb6 cxb6 26. Ne6 Rd7 27. Rc6
Rd6 28. Rc7+ Kb8 29. Nbd4 Be8 30. Rac1 Bd7 31. Bf4 Bxe6 32. Nxe6 Be7 33. Rxe7
1-0

[Event "C.to Regionale Lombardia Seniores"]
[Site "Robecchetto con Induno ITA"]
[Date "2012.12.27"]
[Round "1"]
[White "Rigotti, Gianluigi"]
[Black "Brioschi, Camillo"]
[Result "0-1"]
[WhiteElo "1671"]
[BlackElo "1812"]
[PlyCount "82"]
[EventDate "2012.12.27"]
[SourceTitle "OM OTB B 201907"]
[Source "Opening Master"]
[SourceDate "2019.07.06"]
[SourceVersion "2"]
[SourceVersionDate "2019.07.06"]
[SourceQuality "1"]

1. e4 e5 2. Nf3 Nc6 3. c3 Nf6 4. Bb5 a6 5. Ba4 Nxe4 6. Bxc6 dxc6 7. O-O Bg4 8.
Re1 Nc5 9. Rxe5+ Be7 10. d4 Nd7 11. Re1 O-O 12. Qd3 Bh5 13. Bf4 Bg6 14. Qd2 Bd6
15. Bg5 f6 16. Bh4 Nb6 17. b3 Nd5 18. Bg3 Qd7 19. a3 Rae8 20. c4 Rxe1+ 21. Nxe1
Bxg3 22. hxg3 Nb6 23. Nc3 Qf5 24. Nf3 Re8 25. a4 Qc2 26. a5 Qxd2 27. Nxd2 Nc8
28. b4 Nd6 29. c5 Nb5 30. Nxb5 cxb5 31. Nf3 Kf7 32. Re1 Rxe1+ 33. Nxe1 Ke6 34.
Nf3 Kd5 35. Kf1 Kc4 36. Ke1 Kxb4 37. Kd2 c6 38. g4 Kxa5 39. g5 b4 40. Nh4 fxg5
41. Nxg6 hxg6 0-1

[Event "FICGS__CHESS__CLASS_F__000120"]
[Site "FICGS"]
[Date "2012.12.26"]
[Round "1"]
[White "Melquiades, Jay"]
[Black "Bromo, Alexis"]
[Result "0-1"]
[WhiteElo "962"]
[BlackElo "1129"]
[PlyCount "56"]
[EventDate "2012.??.??"]

1. e4 e5 2. Nf3 Nc6 3. c3 Nf6 4. d3 h6 5. Be3 d6 6. Nbd2 Bg4 7. h3 Bh5 8. g4
Bg6 9. g5 hxg5 10. Bxg5 Be7 11. Nc4 b5 12. Ne3 a5 13. Nd5 Nxd5 14. exd5 Bxg5
15. dxc6 f5 16. h4 Bf4 17. Bg2 Bh5 18. Qb3 Qe7 19. a4 b4 20. Ng5 Bxg5 21. cxb4
Rb8 22. hxg5 Qxg5 23. Qe6+ Kf8 24. b5 Qxg2 25. Kd2 Qxf2+ 26. Kc3 Qd4+ 27. Kd2
Qxb2+ 28. Ke3 Qe2# 0-1

[Event "FICGS__CHESS__CLASS_F__000120"]
[Site "FICGS"]
[Date "2012.12.26"]
[Round "1"]
[White "Melquiades, Jay"]
[Black "Cavaillé, Cédric"]
[Result "1/2-1/2"]
[WhiteElo "962"]
[BlackElo "1010"]
[PlyCount "117"]
[EventDate "2012.??.??"]

1. e4 e5 2. Nf3 Nc6 3. c3 Nf6 4. d3 d5 5. Bg5 dxe4 6. dxe4 Qxd1+ 7. Kxd1 Bc5 8.
Nbd2 Bxf2 9. Bc4 Bc5 10. Kc2 O-O 11. Bxf6 gxf6 12. Rae1 a6 13. Rhf1 Na5 14. b4
Nxc4 15. Nxc4 b5 16. Na5 Bd7 17. bxc5 Be6 18. Nc6 Bxa2 19. Nh4 Bc4 20. Rf3 a5
21. Ree3 Kh8 22. Ne7 a4 23. Nhf5 a3 24. Rf1 a2 25. Ra1 Rae8 26. Nc6 Rg8 27. g3
h5 28. Nh6 Rg6 29. Nf5 h4 30. Nxh4 Rgg8 31. h3 Re6 32. Na5 Ra8 33. Nxc4 bxc4
34. Nf3 Kg7 35. Nd2 Ra4 36. g4 Rc6 37. h4 Rxc5 38. Nf3 Kg6 39. h5+ Kh6 40. Nd2
Rb5 41. Rf3 Kg5 42. Rf5+ Kxg4 43. h6 Rb8 44. Rxf6 Rh8 45. Nf1 Kg5 46. Rf5+ Kxh6
47. Rxf7 Ra7 48. Ne3 Rh7 49. Ng4+ Kg6 50. Nxe5+ Kh6 51. Rf6+ Kg5 52. Rf5+ Kh6
53. Rh1+ Kg7 54. Rg5+ Kh8 55. Ng6+ Kg7 56. Nf4+ Kh8 57. Ng6+ Kg7 58. Nf4+ Kh8
59. Ng6+ 1/2-1/2

[Event "World Cities-ch KO"]
[Site "Al Ain"]
[Date "2012.12.25"]
[Round "1.25"]
[White "Dzhumaev, Marat"]
[Black "Jumabayev, Rinat"]
[Result "1/2-1/2"]
[WhiteElo "2530"]
[BlackElo "2567"]
[PlyCount "101"]
[EventDate "2012.12.22"]
[EventType "team-k.o."]
[EventRounds "4"]
[EventCountry "UAE"]
[SourceTitle "CBM 152"]
[Source "ChessBase"]
[SourceDate "2013.01.15"]
[SourceVersion "1"]
[SourceVersionDate "2013.01.15"]
[SourceQuality "1"]
[WhiteTeam "Tashkent"]
[BlackTeam "Astana"]
[WhiteTeamCountry "UZB"]
[BlackTeamCountry "KAZ"]

1. e4 e5 2. Nf3 Nc6 3. c3 Nf6 4. d4 d5 5. Bb5 exd4 6. Ne5 Bd7 7. Nxd7 Qxd7 8.
e5 Ne4 9. f3 Nc5 10. cxd4 Ne6 11. Be3 a6 12. Ba4 Bb4+ 13. Nc3 b5 14. Bb3 Ncxd4
15. Bxd4 c5 16. Bf2 c4 17. O-O d4 18. Ne4 cxb3 19. Qxb3 Be7 20. f4 Nc5 21. Nxc5
Bxc5 22. Rac1 Rc8 23. f5 O-O 24. f6 Rfe8 25. Qg3 Bf8 26. Rcd1 g6 27. Bxd4 Rcd8
28. a3 a5 29. h3 Qe6 30. Bf2 h5 31. Rfe1 Kh7 32. Qf3 Rxd1 33. Qxd1 a4 34. Qd3
Qc6 35. Qd4 Qe6 36. Rc1 Qxe5 37. Qxe5 Rxe5 38. Rc7 Rf5 39. Rxf7+ Kg8 40. Rb7
Rxf6 41. Rxb5 Rc6 42. Bd4 Rc4 43. Be5 Bc5+ 44. Kf1 Kf7 45. Bc3 Bxa3 46. Ke2 Be7
47. Kd3 Rf4 48. Rb7 Ke6 49. Rb6+ Kf7 50. Rb7 Ke6 51. Rb6+ 1/2-1/2

[Event "FICS unrated standard game"]
[Site "FICS freechess.org"]
[Date "2012.12.25"]
[Round "?"]
[White "GMDzhumaev"]
[Black "GMJumabayev"]
[Result "1/2-1/2"]
[WhiteElo "2530"]
[BlackElo "2545"]
[PlyCount "102"]
[EventDate "2012.??.??"]
[SourceTitle "OM Portal C 201906"]
[Source "Opening Master"]
[SourceDate "2019.06.27"]
[SourceVersion "1"]
[SourceVersionDate "2019.06.27"]
[SourceQuality "1"]

1. e4 e5 2. Nf3 Nc6 3. c3 Nf6 4. d4 d5 5. Bb5 exd4 6. Ne5 Bd7 7. Nxd7 Qxd7 8.
e5 Ne4 9. f3 Nc5 10. cxd4 Ne6 11. Be3 a6 12. Ba4 Bb4+ 13. Nc3 b5 14. Bb3 Ncxd4
15. Bxd4 c5 16. Bf2 c4 17. O-O d4 18. Ne4 cxb3 19. Qxb3 Be7 20. f4 Nc5 21. Nxc5
Bxc5 22. Rac1 Rc8 23. f5 O-O 24. f6 Rfe8 25. Qg3 Bf8 26. Rcd1 g6 27. Bxd4 Rcd8
28. a3 a5 29. h3 Qe6 30. Bf2 h5 31. Rfe1 Kh7 32. Qf3 Rxd1 33. Qxd1 a4 34. Qd3
Qc6 35. Qd4 Qe6 36. Rc1 Qxe5 37. Qxe5 Rxe5 38. Rc7 Rf5 39. Rxf7+ Kg8 40. Rb7
Rxf6 41. Rxb5 Rc6 42. Bd4 Rc4 43. Be5 Bc5+ 44. Kf1 Kf7 45. Bc3 Bxa3 46. Ke2 Be7
47. Kd3 Rf4 48. Rb7 Ke6 49. Rb6+ Kf7 50. Rb7 Ke6 51. Rb6+ Kf7 1/2-1/2

[Event "corr freechess"]
[Site "freechess.de"]
[Date "2012.12.25"]
[Round "?"]
[White "Priegnitz, Uwe"]
[Black "Stark, Harri"]
[Result "1/2-1/2"]
[WhiteElo "1304"]
[BlackElo "1412"]
[PlyCount "56"]
[EventDate "2012.??.??"]
[EventType "tourn (corr)"]
[SourceTitle "OM Corr 202003"]
[Source "Opening Master"]
[SourceDate "2019.05.30"]
[SourceVersion "2"]
[SourceVersionDate "2019.05.30"]
[SourceQuality "1"]

1. e4 e5 2. Nf3 Nc6 3. c3 Bc5 4. Bc4 h6 5. O-O Nf6 6. Re1 Ng4 7. d4 Bb6 8. h3
Nf6 9. d5 Na5 10. Bd3 d6 11. b4 g5 12. bxa5 Bc5 13. Ba3 Nh5 14. Bxc5 dxc5 15.
c4 Nf4 16. Bf1 g4 17. Nxe5 gxh3 18. g3 Qf6 19. gxf4 Rg8+ 20. Kh1 Qxf4 21. Nf3
Bg4 22. Nbd2 O-O-O 23. Be2 a6 24. Nb3 Qd6 25. e5 Qg6 26. Rg1 Qe4 27. Nxc5 Bxf3+
28. Bxf3 Rxg1+ 1/2-1/2

[Event "OP-2012-0-02559"]
[Site "Lechenicher SchachServer"]
[Date "2012.12.24"]
[Round "?"]
[White "Pavlicek, Miroslav"]
[Black "Cardoso de Espirito Santo, Rubens"]
[Result "1/2-1/2"]
[WhiteElo "1900"]
[BlackElo "1855"]
[PlyCount "107"]
[EventDate "2012.12.21"]
[SourceTitle "OM Corr 202003"]
[Source "Opening Master"]
[SourceDate "2019.05.30"]
[SourceVersion "2"]
[SourceVersionDate "2019.05.30"]
[SourceQuality "1"]

1. e4 e5 2. Nf3 Nc6 3. c3 Nf6 4. d4 d5 5. Bb5 exd4 6. e5 Ne4 7. Nxd4 Bd7 8.
Bxc6 bxc6 9. O-O Be7 10. Qe2 O-O 11. f3 Ng5 12. Rd1 Re8 13. Be3 f6 14. exf6
Bxf6 15. Na3 Qe7 16. Ndc2 Qf7 17. Qd2 Qg6 18. Kh1 Qh5 19. Rf1 Ne6 20. Rae1 Be5
21. f4 Bd6 22. h3 Rab8 23. b4 a5 24. f5 Nf8 25. f6 gxf6 26. Bf4 axb4 27. Nxb4
Bxh3 28. Bxd6 cxd6 29. gxh3 Qxh3+ 30. Qh2 Qxc3 31. Nac2 Rxe1 32. Rxe1 Rxb4 33.
Rg1+ Ng6 34. Nxb4 Qxb4 35. Qh3 Qe4+ 36. Kh2 Qe5+ 37. Kh1 c5 38. Rf1 Kg7 39. a4
Qe4+ 40. Qf3 Ne5 41. Qg2+ Qxg2+ 42. Kxg2 Nc4 43. Rb1 d4 44. Kf2 f5 45. Ke2 Kf6
46. Rb5 f4 47. a5 Nxa5 48. Rxa5 Ke5 49. Ra7 c4 50. Rxh7 d3+ 51. Kd2 Kd4 52. Rf7
c3+ 53. Kd1 Ke4 54. Re7+ 1/2-1/2